Justice and the Law /

Guardado en:
Detalles Bibliográficos
Formato: Libro
Idioma:Español
Temas:
Etiquetas: Agrega una etiqueta
Sin etiquetas, Sé el primero en etiquetar este registro!

MARC

LEADER 00000nam^a2200000^a^4500
001 000175030
005 20250521000000.0
009 20260310101550.696
037 |a Acervo ITESO - Biblioteca 
041 |a ESP 
082 |a 345. 42  |b JUS 
245 0 0 |a Justice and the Law / 
264 |a Londres, Inglaterra :  |b Foreign and Commonwealth Office,  |c 1995 
300 |a 45 p. 
336 |a texto  |b txt  |2 rdacontenido 
337 |a sin mediación  |b n  |2 rdamedio 
338 |a volumen  |b nc  |2 rdasoporte 
649 |a XX 
650 |a Delitos -  |z Inglaterra -  |x Prevención 
650 |a Delitos -  |z Inglaterra -  |x Estadísticas 
650 |a Terrorismo -  |z Inglaterra -  |x Control 
650 |a Policia -  |z Inglaterra -  |x Administración 
650 |a Tribunales -  |z Inglaterra 
650 |a Asesoramiento 
650 |a Responsabilidad del Estado 
650 |a Derecho -  |z Inglaterra -  |x Prácticas Profesionales 
650 |a Derecho Penal -  |z Inglaterra 
650 |a Derecho Público -  |z Inglaterra 
910 |a Fondo General 
920 |a Impresos - Libros 
930 |a Colección General 
905 |a 101 
901 |a 0500113106  |b IT1  |c ACC  |u 20250521 
902 |a https://opac.biblio.iteso.mx/vufind/Record/000175030